Victorian culture and society. /

Saved in:
Bibliographic Details
Main Author: Black, Eugene C. (Eugene Charlton) (comp.)
Format: Book
Language:English
Published: New York, : Harper & Row, [1973].
Series:Documentary history of Western civilization
Subjects:
LEADER 01284cam a2200313 a 4500
001 c000274430
003 CARM
005 20071024140405.0
008 730926s1973 nyu b 000 0 eng
019 1 |a 21763288  |z 574237  |5 LACONCORD2021 
020 |a 0061381519 
035 |a (OCoLC)722812  |5 LACONCORD2021 
040 |a LC  |b eng  |c LC  |d NUN 
043 |a e-uk--- 
050 0 0 |a HN385  |b .B528 1973 
082 0 4 |a 309.1/42/081 
100 1 |a Black, Eugene C.  |q (Eugene Charlton),  |e comp. 
245 1 0 |a Victorian culture and society. /  |c Edited by Eugene C. Black. 
260 |a New York, :  |b Harper & Row,  |c [1973]. 
300 |a xxviii, 474 p. ;  |c 21 cm. 
490 0 |a Documentary history of Western civilization 
504 |a Includes bibliographical references. 
651 0 |a Great Britain  |x Social conditions  |y 19th century. 
651 0 |a Great Britain  |x Economic conditions  |y 19th century. 
852 8 |b CARM  |h A1:AM02A0  |i A04914  |p 0391697  |f BK 
852 8 |b CARM  |h A1:AM15E0  |i C10069  |p 0426592  |f BK 
999 f f |i 1c0c234c-da13-5fbc-a6a5-ef2a10ad9668  |s 2fb91f69-5ba6-50fc-8741-2d5350f7d510 
952 f f |p Can circulate  |a CAVAL  |b CAVAL  |c CAVAL  |d CARM 1 Store  |e C10069  |f A1:AM15E0  |h Other scheme  |i book  |m 0426592 
952 f f |p Can circulate  |a CAVAL  |b CAVAL  |c CAVAL  |d CARM 1 Store  |e A04914  |f A1:AM02A0  |h Other scheme  |i book  |m 0391697